Wszystkie stacje Linii A Praskiego Metra - Statystyki

Ogólne statystyki
  • Ten quiz został rozwiązany 60 razy
  • Średni wynik to 10 z 17
Odpowiedzi na mapie
Odpowiedzi zakodowano w zielono-czerwonej skali na mapie do tego quizu, zgodnie z poniższymi procentami.
 
Statystyki odpowiedzi
Stacja % Poprawnych
Muzeum
88%
Jiřího z Poděbrad
81%
Depo Hostivař
75%
Nemocnice Motol
69%
Skalka
69%
Flora
63%
Malostranská
63%
Můstek
63%
Hradčanská
56%
Náměstí Míru
56%
Strašnická
56%
Želivského
56%
Dejvická
44%
Nádraží Veleslavín
44%
Petřiny
44%
Staroměstská
44%
Bořislavka
38%
Nie znaleziono quizów pasujących do podanych kryteriów
Rozkład punktacji
Procent ludzi z każdym wynikiem
Percentyl według liczby udzielonych odpowiedzi
Twoja historia wyników
Nie rozwiązałeś tego quizu